| 000 | 00455cam a2200169ua 4500 | ||
|---|---|---|---|
| 020 | _c200.00 | ||
| 041 |
_aeng _h |
||
| 082 |
_a664 _bVIJ/TE |
||
| 100 | _aVijaya, Khader . | ||
| 245 |
_aText book of food science and technology / _cVijaya khader. _hTextual Documents |
||
| 260 |
_aNew Delhi : _bIndian Council for Agricultural Research , _c2001. |
||
| 300 | _a458 ; . | ||
| 365 | _a200.00 | ||
| 504 | _a | ||
| 942 | _cBK | ||
| 999 |
_c11992 _d11992 |
||